Simpsons Guest Stars: Athlete Edition Quiz Stats

 Plays Quiz Updated Sep 23, 2019

Score 0/50 Timer 07:00
1 Play Today
Sport Guest Star % Correct
tennisAndre Agassi
64.9%
tennisSerena Williams
59.9%
tennisVenus Williams
59.8%
cyclingLance Armstrong
54.8%
tennisPete Sampras
52%
baseballDarryl Strawberry
48.6%
skateboardingTony Hawk
47.7%
footballTom Brady
46.2%
baseballOzzie Smith
44.7%
baseballKen Griffey Jr.
43.8%
footballPeyton Manning
43.3%
footballEli Manning
42.7%
basketballMagic Johnson
42.4%
baseballRandy Johnson
38%
baseballRoger Clemens
35.4%
baseballJose Canseco
34%
basketball (WNBA)Lisa Leslie
32.8%
figure skatingMichelle Kwan
31.6%
basketballLeBron James
30.3%
baseballDon Mattingly
30.1%
baseballMark McGwire
29.8%
baseballWade Boggs
29.4%
baseballSteve Sax
28.2%
footballJoe Namath
25.8%
footballJoe Montana
25.5%
Sport Guest Star % Correct
auto racingJeff Gordon
22.7%
footballDan Marino
22%
footballTroy Aikman
19.4%
soccerRonaldo
18.9%
basketballYao Ming
16.7%
baseballMike Scioscia
15.8%
basketballKareem Abdul-Jabbar
12.9%
boxingOscar De La Hoya
12.8%
footballJohn Madden
12.6%
boxingJoe Frazier
11.7%
auto racingDanica Patrick
10.4%
wrestlingBret Hart
9.3%
golfTom Kite
8.2%
footballTerry Bradshaw
7.5%
basketballDennis Rodman
7%
footballWarren Sapp
6.9%
footballJohnny Unitas
5.9%
footballPat Summerall
5.6%
martial artsChuck Liddell
4.5%
boxingLarry Holmes
4%
boxingGerry Cooney
3.8%
figure skatingElvis Stojko
1.9%
footballRosey Grier
1.8%
baseballSal Bando
0.9%
baseballGene Tenace
0.8%

You're not logged in!

Compare scores with friends on all Sporcle quizzes.
OR
Log In

Sporcle TV

Today on Sporcle TV


Watch our educational content, quiz creation guides, and fun videos on Sporcle TV.

Show Comments

Extras

Top Quizzes Today


Score Distribution

Your Account Isn't Verified!

In order to create a playlist on Sporcle, you need to verify the email address you used during registration. Go to your Sporcle Settings to finish the process.

Report this User

Report this user for behavior that violates our Community Guidelines.

Details: